|
|
|
|
| LEADER |
02210nam a2200469 i 4500 |
| 001 |
EBC1831415 |
| 003 |
MiAaPQ |
| 005 |
20200520144314.0 |
| 006 |
m o d | |
| 007 |
cr cnu|||||||| |
| 008 |
141120t20142014dcua o 000 0 eng d |
| 020 |
|
|
|z 9781498319980
|
| 020 |
|
|
|a 9781484387863
|q (electronic bk.)
|
| 035 |
|
|
|a (MiAaPQ)EBC1831415
|
| 035 |
|
|
|a (Au-PeEL)EBL1831415
|
| 035 |
|
|
|a (CaPaEBR)ebr10980877
|
| 035 |
|
|
|a (CaONFJC)MIL656146
|
| 035 |
|
|
|a (OCoLC)894791542
|
| 040 |
|
|
|a MiAaPQ
|b eng
|e rda
|e pn
|c MiAaPQ
|d MiAaPQ
|
| 043 |
|
|
|a lncv---
|
| 050 |
|
4 |
|a HC594
|b .I584 2014
|
| 082 |
0 |
|
|a 330.96658
|2 23
|
| 110 |
2 |
|
|a International Monetary Fund,
|e author,
|e publisher.
|
| 245 |
1 |
0 |
|a Cabo Verde :
|b 2014 article IV consultation-staff report; press release; and statement by the Executive Director for Cabo Verde /
|c International Monetary Fund.
|
| 264 |
|
1 |
|a Washington, District of Columbia :
|b International Monetary Fund,
|c 2014.
|
| 264 |
|
4 |
|c 2014
|
| 300 |
|
|
|a 1 online resource (80 pages) :
|b color illustrations.
|
| 336 |
|
|
|a text
|2 rdacontent
|
| 337 |
|
|
|a computer
|2 rdamedia
|
| 338 |
|
|
|a online resource
|2 rdacarrier
|
| 490 |
1 |
|
|a IMF Country Report ;
|v Number 14/296
|
| 588 |
|
|
|a Description based on online resource; title from PDF title page (ebrary, viewed November 20, 2014).
|
| 590 |
|
|
|a Electronic reproduction. Ann Arbor, MI : ProQuest, 2015. Available via World Wide Web. Access may be limited to ProQuest affiliated libraries.
|
| 650 |
|
0 |
|a Economic development
|z Cabo Verde.
|
| 650 |
|
0 |
|a Financial risk management
|z Cabo Verde.
|
| 651 |
|
0 |
|a Cabo Verde
|x Economic conditions.
|
| 651 |
|
0 |
|a Cabo Verde
|x Economic policy.
|
| 655 |
|
4 |
|a Electronic books.
|
| 776 |
0 |
8 |
|i Print version:
|a International Monetary Fund.
|t Cabo Verde : 2014 article IV consultation-staff report; press release; and statement by the Executive Director for Cabo Verde.
|d Washington, District of Columbia : International Monetary Fund, c2014
|h 79 pages
|k IMF country report ; Number 14/296.
|z 9781498319980
|
| 797 |
2 |
|
|a ProQuest (Firm)
|
| 830 |
|
0 |
|a IMF country report ;
|v Number 14/296.
|
| 856 |
4 |
0 |
|u https://ebookcentral.proquest.com/lib/matrademy/detail.action?docID=1831415
|z Click to View
|